000 00435nam a2200169Ia 4500
003 GCL
008 140319s9999 xx 000 0 eng d
040 _aGCL /
_cGCL
082 0 4 _a870
_bG L
100 1 _aGRIMAL, PIERRE
245 1 0 _aLA LITTERATURE LATINE /
_cGRIMAL, PIERRE
260 _a[S.N] :
_bLIBRAIRE GENERALE FRANCAISE ،
_c1994
300 _a642 P
650 0 4 _aLITERATURE
650 0 4 _aLATIN LITERATURE
942 _2ddc
_cBK
999 _c22668
_d22668